01014nam a22002657a 450000500170000001000130001702000220003003500130005203700160006504000120008108200130009310000290010624501510013526000480028627000630033430000320039750000500042965000290047965000200050870000300052870000290055894200220058799900190060995201200062820170124110008.0 aB-132753 c00.00a8180690415 aB-132753 bCen Lib/Ret aDPLbEN a350bBAN aBandyopadhyay, D.917218 aEmpowering panchayats handbook for master trainers :cby D. Bandyopadhyay, Amitva Mukherjee [and] Mitali Sen Gavaibusing participatory approach / aNew DelhibConcept publishing companyc2003 aA/15-16, Commercial block, Mohan GardenbNew Delhie110059 axiv,370p. :c23cm(Hb)bill. aIncludes bibliographical reference and index  aPolitical science988434 aTraining917220 aMukherjee, Amitava988435 aGavai, Mitali Sen917221 2ddccENh350mBAN c126319d126319 00104070aLbLd2015-06-25eCen Lib/Retg0.00l0o350 BANpB-132753r2015-06-25 00:00:00t1v0.00w2015-06-25yEN